Kolektivní investování na kapitálovém trhu

Kolektívne investovanie vymedzuje ­ 2 zákona č.248/92 Zb. Depozitár a jeho využitie investičnými fondami a investičnými spoločnosťami. Špecializácia depozitára pri zaisťovaní operácií spojených s uložením a správa cenných papierov. Vykonávanie kontrolnej činnosti štátneho dozoru kapitálového trhu v...

Descrizione completa

Salvato in:
Dettagli Bibliografici
Autore principale: Guoth, J.
Natura: Capitolo di libro
Lingua:ceco
Soggetti:
Tags: Aggiungi Tag
Nessun Tag, puoi essere il primo ad aggiungerne!!

MARC

LEADER 00000naa a2200000 4500
001 r014113
005 20221213082654.7
041 0 |a cze 
044 |a CZ 
245 1 0 |a Kolektivní investování na kapitálovém trhu  |c J. Guoth 
520 |a Kolektívne investovanie vymedzuje ­ 2 zákona č.248/92 Zb. Depozitár a jeho využitie investičnými fondami a investičnými spoločnosťami. Špecializácia depozitára pri zaisťovaní operácií spojených s uložením a správa cenných papierov. Vykonávanie kontrolnej činnosti štátneho dozoru kapitálového trhu v oblasti kolektívneho investovania. Funkcia depozitára vyhradená len bankám podlieha schváleniu štátneho dozoru nad kapitálovým trhom. Podnikateľská aktivita fondov, činnosť podielových fondov. 
610 2 0 |a investície 
610 2 0 |a investovanie 
610 2 0 |a trh kapitálový 
610 2 0 |a spoločnosti investičné 
610 2 0 |a depozity bankové 
610 2 0 |a papiere cenné 
610 2 0 |a dozor štátny 
100 1 |a Guoth, J.